লোডিং...
Financial and management accounting
| প্রধান লেখক: | |
|---|---|
| বিন্যাস: | Printed Book |
| ভাষা: | Undetermined English |
| প্রকাশিত: |
New Delhi
Sultan Chand And Sons
1999
|
| বিষয়গুলি: |
| LEADER | 00609nam a2200181Ia 4500 | ||
|---|---|---|---|
| 008 | 140306s9999 xx 000 0 und d | ||
| 020 | |a 81 7014 566 x | ||
| 041 | |a eng | ||
| 082 | |a 658 .15 |b MAH/FI | ||
| 100 | |a Maheswari, S N | ||
| 245 | |a Financial and management accounting | ||
| 260 | |a New Delhi |b Sultan Chand And Sons |c 1999 | ||
| 300 | |a C -242 | ||
| 365 | |b Rs .140 | ||
| 650 | |a Financial management | ||
| 942 | |2 ddc |c BK | ||
| 999 | |c 180258 |d 180258 | ||
| 952 | |0 0 |1 0 |2 ddc |4 0 |6 658_000000000000000__15_MAH_FI |7 0 |9 185640 |a KAUCBV |b KAUCBV |d 2004-06-02 |g 140.00 |l 6 |o 658 .15 MAH/FI |r 2019-05-16 |s 2019-05-16 |w 2014-03-22 |y BK | ||